[Event "II. CLANSKA LIGA ZAHOD 2019"]
[Site "Komenda"]
[Date "2019.11.15"]
[Round "1.1"]
[White "Kozarski, Filip"]
[Black "Kavcic, Uros"]
[Result "0-1"]
[WhiteElo "1955"]
[BlackElo "2224"]
[PlyCount "78"]
[EventDate "2019.11.15"]
[WhiteTeam "SK KOMENDA"]
[BlackTeam "SS TZ PREVODI DVOJKA"]

1. b3 d6 2. f4 e5 3. Nf3 exf4 4. Bb2 Bg4 5. d4 Bxf3 6. exf3 Qh4+ 7. Kd2 Qf2+ 8.
Kc1 d5 9. Nc3 c6 10. h4 Be7 11. h5 Bf6 12. Ne2 Ne7 13. Kb1 Nf5 14. a3 Ne3 15.
Qc1 O-O 16. Nxf4 Re8 17. Bd3 Nxg2 18. Rf1 Qg3 19. Ne2 Qh4 20. Ka2 Bg5 21. f4
Bh6 22. c4 Nd7 23. Rh1 Qg4 24. Qc2 Ne3 25. Qd2 Nf6 26. Rag1 Qe6 27. Rg3 dxc4
28. bxc4 Nxc4 29. Qc2 Ne5+ 30. d5 Qxd5+ 31. Ka1 Qxh1+ 32. Rg1 Qxg1+ 33. Nxg1
Nxd3 34. Qxd3 Re1+ 35. Ka2 Rxg1 36. Qf5 Re8 37. Bxf6 gxf6 38. Qxf6 Rg2+ 39. Kb3
Bg7 0-1

[Event "II. CLANSKA LIGA ZAHOD 2019"]
[Site "Komenda"]
[Date "2019.11.15"]
[Round "1.2"]
[White "Mlacnik, Franc"]
[Black "Trebusak, Anton"]
[Result "1/2-1/2"]
[WhiteElo "1991"]
[BlackElo "1788"]
[PlyCount "36"]
[EventDate "2019.11.15"]
[WhiteTeam "SS TZ PREVODI DVOJKA"]
[BlackTeam "SK KOMENDA"]

1. e4 c6 2. d4 d5 3. exd5 cxd5 4. Bd3 Nc6 5. c3 Nf6 6. Nf3 h6 7. Bf4 Bg4 8.
Nbd2 e6 9. Qb3 Bd6 10. Qxb7 Bxf4 11. Qxc6+ Kf8 12. O-O g6 13. h3 Bxf3 14. Nxf3
Kg7 15. Rfe1 Rb8 16. Re2 Rb6 17. Qa4 Qb8 18. Qc2 a5 {nejasno (39)} 1/2-1/2

[Event "II. CLANSKA LIGA ZAHOD 2019"]
[Site "Komenda"]
[Date "2019.11.15"]
[Round "1.3"]
[White "Perme, Martin"]
[Black "Logar, Metod"]
[Result "0-1"]
[WhiteElo "1489"]
[BlackElo "1982"]
[PlyCount "60"]
[EventDate "2019.11.15"]
[WhiteTeam "SK KOMENDA"]
[BlackTeam "SS TZ PREVODI DVOJKA"]

1. e4 e5 2. Nf3 Nc6 3. Bc4 Bc5 4. Nc3 a6 5. d3 d6 6. h3 Na5 7. Bb3 Nxb3 8. axb3
Nf6 9. Be3 Ba7 10. Qd2 c5 11. Bg5 h6 12. Bh4 Be6 13. Nh2 g5 14. Bg3 Nh5 15. Rf1
Qd7 16. Nd5 f5 17. Nf3 O-O-O 18. c3 Nf4 19. Bxf4 exf4 20. b4 Bxd5 21. exd5
Rhe8+ 22. Kd1 cxb4 23. cxb4 Bb6 24. Qc3+ Kb8 25. b5 Qxb5 26. Nd4 Qxd5 27. Ra4
Rc8 28. Qb4 Bxd4 29. Qxd4 Qb3+ 30. Kd2 Qc2# 0-1

[Event "II. CLANSKA LIGA ZAHOD 2019"]
[Site "Komenda"]
[Date "2019.11.15"]
[Round "1.4"]
[White "Orel Music, Simona"]
[Black "Cimperman, Teo"]
[Result "1-0"]
[WhiteElo "1982"]
[BlackElo "1364"]
[PlyCount "81"]
[EventDate "2019.11.15"]
[WhiteTeam "SS TZ PREVODI DVOJKA"]
[BlackTeam "SK KOMENDA"]

1. d4 Nf6 2. c4 g6 3. Nc3 Bg7 4. e4 d6 5. Nf3 O-O 6. Be2 e5 7. Be3 Nc6 8. d5
Ne7 9. Nd2 Ne8 10. O-O f5 11. f3 f4 12. Bf2 g5 13. b4 h5 14. c5 Nf6 15. cxd6
cxd6 16. Nc4 Rf7 17. Nb5 Bh6 18. Nbxd6 Rg7 19. Nxc8 Rxc8 20. Nxe5 Qd6 21. Qd4
g4 22. Rac1 Rf8 23. Bh4 Bg5 24. Bxg5 Rxg5 25. Nd3 Nd7 26. Nc5 Rf7 27. Ne6 Rg6
28. Qc3 Ne5 29. Qc7 Rxe6 30. dxe6 Qxe6 31. Rc5 N7c6 32. Rxe5 Nxe5 33. Qd8+ Kh7
34. Qg5 Rf6 35. Qxh5+ Kg7 36. Qg5+ Kh8 37. fxg4 Rg6 38. Qxf4 Nxg4 39. Bxg4 Rxg4
40. Qf8+ Rg8 41. Qf6+ 1-0

[Event "II. CLANSKA LIGA ZAHOD 2019"]
[Site "Komenda"]
[Date "2019.11.15"]
[Round "1.5"]
[White "Babarovic, Fran"]
[Black "Muri, Emil"]
[Result "0-1"]
[WhiteElo "1210"]
[BlackElo "1816"]
[PlyCount "60"]
[EventDate "2019.11.15"]
[WhiteTeam "SK KOMENDA"]
[BlackTeam "SS TZ PREVODI DVOJKA"]

1. e4 e5 2. Nf3 Nc6 3. Bc4 Nf6 4. d3 Bc5 5. Bg5 h6 6. Bh4 g5 7. Bg3 d6 8. Nc3
Bg4 9. O-O Nd4 10. Bb3 c6 11. Na4 Bb6 12. h3 Nxf3+ 13. gxf3 Bxh3 14. Qd2 Bxf1
15. Rxf1 Nh5 16. Bh2 Nf4 17. Nc3 Qf6 18. Ne2 Nxe2+ 19. Qxe2 h5 20. c3 O-O-O 21.
Rd1 Rdg8 22. Kf1 g4 23. fxg4 hxg4 24. Bg3 Rh3 25. Ke1 Qg5 26. Qf1 Rgh8 27. Qg2
R8h7 28. a3 Rh1+ 29. Ke2 Rxd1 30. Kxd1 Kd7 0-1

[Event "II. CLANSKA LIGA ZAHOD 2019"]
[Site "Komenda"]
[Date "2019.11.15"]
[Round "1.6"]
[White "Markun, Ozbej"]
[Black "Macek, Inti"]
[Result "1-0"]
[WhiteElo "1476"]
[BlackElo "1194"]
[PlyCount "113"]
[EventDate "2019.11.15"]
[WhiteTeam "SS TZ PREVODI DVOJKA"]
[BlackTeam "SK KOMENDA"]

1. e4 e5 2. Nf3 Nc6 3. d4 exd4 4. Nxd4 Bc5 5. Be3 Bb6 6. Nf5 Qf6 7. Nc3 Nge7 8.
Bxb6 axb6 9. Nxe7 Qxe7 10. Be2 O-O 11. O-O d6 12. f4 f5 13. Bf3 fxe4 14. Bxe4
Bd7 15. Qh5 g6 16. Qf3 Qg7 17. Rae1 Nd4 18. Qd3 Bc6 19. a3 Rae8 20. Nd5 Kh8 21.
Kh1 Bxd5 22. Bxd5 c6 23. Ba2 Rxe1 24. Rxe1 Rxf4 25. Re8+ Rf8 26. Rxf8+ Qxf8 27.
Qxd4+ Qg7 28. Qxg7+ Kxg7 29. Be6 b5 30. Bc8 b6 31. Bd7 c5 32. Bxb5 Kf6 33. Kg1
Ke5 34. Kf2 Ke4 35. Ke2 h5 36. Be8 g5 37. Bxh5 d5 38. Bf3+ Kd4 39. g3 b5 40. h4
gxh4 41. gxh4 Ke5 42. h5 d4 43. Bc6 b4 44. axb4 cxb4 45. h6 Kf6 46. Be4 Kf7 47.
Kd3 Kf6 48. Kxd4 Kf7 49. c3 bxc3 50. bxc3 Kf6 51. c4 Kf7 52. c5 Kf6 53. c6 Ke7
54. h7 Kd6 55. h8=Q Kc7 56. Qg7+ Kb8 57. Qb7# 1-0

[Event "II. CLANSKA LIGA ZAHOD 2019"]
[Site "Komenda"]
[Date "2019.11.16"]
[Round "2.1"]
[White "Bajzelj, Primoz"]
[Black "Mlacnik, Franc"]
[Result "0-1"]
[WhiteElo "2062"]
[BlackElo "1991"]
[PlyCount "26"]
[EventDate "2019.11.16"]
[WhiteTeam "SD RADOVLJICA"]
[BlackTeam "SS TZ PREVODI DVOJKA"]

1. d4 f5 2. c4 Nf6 3. Nf3 e6 4. Nc3 Bb4 5. Qb3 a5 6. g3 b6 7. Bg2 Bb7 8. Bg5
O-O 9. O-O Bxc3 10. Qxc3 Qe8 11. Rad1 Qh5 12. Bxf6 Rxf6 13. d5 exd5 {nejasno 
(38)} 0-1

[Event "II. CLANSKA LIGA ZAHOD 2019"]
[Site "Komenda"]
[Date "2019.11.16"]
[Round "2.2"]
[White "Logar, Metod"]
[Black "Anakiev, Dimitar"]
[Result "1-0"]
[WhiteElo "1982"]
[BlackElo "2002"]
[PlyCount "43"]
[EventDate "2019.11.16"]
[WhiteTeam "SS TZ PREVODI DVOJKA"]
[BlackTeam "SD RADOVLJICA"]

1. e4 d6 2. d4 Nf6 3. Nc3 c6 4. Nf3 Nbd7 5. e5 dxe5 6. dxe5 Ng4 7. Bf4 Qa5 8.
Qd4 e6 9. Bg3 Nh6 10. Bd3 Bc5 11. Qf4 Bb4 12. O-O Bxc3 13. bxc3 Qxc3 14. Ng5
Nc5 15. Bxh7 b6 16. Rad1 Ba6 17. Nxf7 Nxf7 18. Bg6 O-O 19. Rfe1 Nh6 20. Qh4 Nb7
21. Bf4 Rad8 22. Bxh6 1-0

[Event "II. CLANSKA LIGA ZAHOD 2019"]
[Site "Komenda"]
[Date "2019.11.16"]
[Round "2.3"]
[White "Buha, Drago"]
[Black "Orel Music, Simona"]
[Result "1/2-1/2"]
[WhiteElo "1949"]
[BlackElo "1982"]
[PlyCount "200"]
[EventDate "2019.11.16"]
[WhiteTeam "SD RADOVLJICA"]
[BlackTeam "SS TZ PREVODI DVOJKA"]

1. d4 d5 2. Bf4 Nf6 3. e3 Bg4 4. Qd3 c6 5. Nc3 e6 6. Be2 Bf5 7. Qd2 Nbd7 8. a3
Be7 9. Nf3 h6 10. O-O O-O 11. h3 Rc8 12. Bd3 Bxd3 13. Qxd3 a6 14. e4 dxe4 15.
Nxe4 Nxe4 16. Qxe4 Nf6 17. Qe2 Nd5 18. Be5 Bd6 19. Rad1 Qc7 20. Qe4 Rcd8 21. c3
Ne7 22. Qg4 Ng6 23. Rfe1 Bxe5 24. Nxe5 Nxe5 25. Rxe5 Rd5 26. Rde1 Rfd8 27. f4
g6 28. Qg3 c5 29. f5 Rxe5 30. Rxe5 Kg7 31. Qg4 exf5 32. Rxf5 cxd4 33. cxd4 Qc1+
34. Rf1 Qxb2 35. Qf3 Qxd4+ 36. Kh1 Rd7 37. Rb1 b5 38. Qc6 Rd6 39. Qe8 Rf6 40.
Rc1 Re6 41. Qc8 Qd2 42. Rg1 Qe3 43. Ra1 Qe5 44. Rd1 Qb2 45. Qc5 Re2 46. Rg1 Rc2
47. Qd6 Qf6 48. Qd1 Rf2 49. Qd3 h5 50. Qd1 Qb2 51. Qd3 Qd2 52. Qg3 Re2 53. Rf1
Qe3 54. Qh4 Qe5 55. Qb4 g5 56. Qb3 f6 57. Qb4 Qe4 58. Qxe4 Rxe4 59. Rf3 Kg6 60.
Kg1 g4 61. Rd3 a5 62. Kf2 b4 63. Kg3 Rc4 64. axb4 axb4 65. Rd5 gxh3 66. Kxh3 f5
67. Rb5 Kg5 68. Rb8 Rh4+ 69. Kg3 Rg4+ 70. Kf3 Rf4+ 71. Ke3 Re4+ 72. Kf3 Rc4 73.
Rg8+ Kf6 74. g3 h4 75. gxh4 Rxh4 76. Rf8+ Ke6 77. Rb8 Rc4 78. Rb5 Kf6 79. Ke3
Kg5 80. Rb8 Rc3+ 81. Kd2 Rc4 82. Ke3 Rg4 83. Kf3 Rc4 84. Ke3 Kg4 85. Rg8+ Kh5
86. Kf3 b3 87. Rb8 Rh4 88. Kg3 f4+ 89. Kg2 Kg4 90. Rxb3 Rh5 91. Rb7 Rg5 92. Rf7
Ra5 93. Rg7+ Kf5 94. Rf7+ Ke4 95. Re7+ Re5 96. Rxe5+ Kxe5 97. Kf3 Kf5 98. Kf2
Ke4 99. Ke2 f3+ 100. Kf2 Kf4 1/2-1/2

[Event "II. CLANSKA LIGA ZAHOD 2019"]
[Site "Komenda"]
[Date "2019.11.16"]
[Round "2.4"]
[White "Muri, Emil"]
[Black "Pretnar, Bostjan"]
[Result "1-0"]
[WhiteElo "1816"]
[BlackElo "1768"]
[PlyCount "63"]
[EventDate "2019.11.16"]
[WhiteTeam "SS TZ PREVODI DVOJKA"]
[BlackTeam "SD RADOVLJICA"]

1. e4 Nf6 2. Nc3 d5 3. exd5 Nxd5 4. Bc4 Nb6 5. Bb3 g6 6. Nf3 e6 7. O-O Bg7 8.
d3 h6 9. Re1 O-O 10. Rb1 Nc6 11. a3 Bd7 12. Ne4 Ne7 13. Ng3 c5 14. Ne5 Nbd5 15.
Bd2 Qc7 16. Nxd7 Qxd7 17. Ne4 Qc7 18. Qf3 Nf5 19. c3 Rad8 20. Bc2 c4 21. d4 e5
22. dxe5 Bxe5 23. g3 Bg7 24. Rbd1 b5 25. Bc1 Rfe8 26. Rd4 Nd6 27. Red1 Qe7 28.
Nxd6 Qe1+ 29. Rxe1 Rxe1+ 30. Kg2 Rxc1 31. Qxf7+ Kh8 32. Ne8 1-0

[Event "II. CLANSKA LIGA ZAHOD 2019"]
[Site "Komenda"]
[Date "2019.11.16"]
[Round "2.5"]
[White "Krivec, Metod"]
[Black "Markun, Ozbej"]
[Result "0-1"]
[WhiteElo "1759"]
[BlackElo "1476"]
[PlyCount "104"]
[EventDate "2019.11.16"]
[WhiteTeam "SD RADOVLJICA"]
[BlackTeam "SS TZ PREVODI DVOJKA"]

1. d4 d5 2. c4 e6 3. Nc3 Nf6 4. Nf3 Be7 5. Qc2 O-O 6. e3 b6 7. cxd5 exd5 8. Bd3
Bb7 9. O-O c5 10. b3 Nbd7 11. Bb2 Rc8 12. Rac1 cxd4 13. Nxd4 Ne4 14. Qd1 Ndc5
15. Bb1 Ba6 16. Re1 Qd7 17. Qh5 Nf6 18. Qf3 Nd3 19. Bxd3 Bxd3 20. Red1 Bg6 21.
Nde2 Bh5 22. Qf4 Rfd8 23. Rd2 Bd6 24. Qh4 Qg4 25. Qxg4 Bxg4 26. f3 Be6 27. Nd4
Bc5 28. Kf2 Re8 29. a3 Bd6 30. g3 h5 31. h4 a6 32. Rdc2 Bd7 33. Rd1 Rc7 34.
Rcd2 Bxa3 35. Bxa3 Rxc3 36. Bb2 Rcxe3 37. Rc1 R3e7 38. Rdc2 Be6 39. Rc6 Nd7 40.
Ba3 Nc5 41. Bxc5 bxc5 42. R1xc5 Ra7 43. Ra5 Bc8 44. Rd6 Rb7 45. Rdxd5 Rb4 46.
Rxh5 Rxd4 47. g4 Rd2+ 48. Kg3 Rd3 49. Rhc5 Rxb3 50. h5 Bb7 51. Rc7 Bxf3 52. Rg5
Rb5 {nejasno (65)} 0-1

[Event "II. CLANSKA LIGA ZAHOD 2019"]
[Site "Komenda"]
[Date "2019.11.16"]
[Round "2.6"]
[White "Rogelj, Tomaz"]
[Black "Torkar, Boris"]
[Result "0-1"]
[WhiteElo "1765"]
[BlackElo "1777"]
[PlyCount "86"]
[EventDate "2019.11.16"]
[WhiteTeam "SS TZ PREVODI DVOJKA"]
[BlackTeam "SD RADOVLJICA"]

1. e4 e6 2. d4 d5 3. Nd2 c5 4. c3 cxd4 5. cxd4 Qa5 6. exd5 exd5 7. Qc2 Nc6 8.
Ne2 Nf6 9. Qc3 Bb4 10. Qe3+ Be6 11. Nc3 Rc8 12. Nb3 Qd8 13. Be2 Ne4 14. Bd2
Nxd2 15. Qxd2 O-O 16. O-O Na5 17. Bd1 Nc4 18. Qc2 Nxb2 19. Qxb2 Bxc3 20. Qb1
Bxa1 21. Qxa1 Qc7 22. f4 Bf5 23. g4 Be4 24. Nc5 b6 25. Nxe4 dxe4 26. f5 Qc1 27.
Bb3 Qxa1 28. Rxa1 Rfd8 29. Rd1 Rc3 30. Kf2 Kf8 31. d5 Ke7 32. Re1 e3+ 33. Rxe3+
Rxe3 34. Kxe3 f6 35. h4 h6 36. Kf4 Kd6 37. g5 hxg5+ 38. hxg5 b5 39. gxf6 gxf6
40. Ke4 Kc5 41. Kf4 a5 42. Ke4 a4 43. Bd1 Rxd5 0-1

[Event "II. CLANSKA LIGA ZAHOD 2019"]
[Site "Komenda"]
[Date "2019.11.16"]
[Round "2.1"]
[White "Persl, Bojan"]
[Black "Kozarski, Filip"]
[Result "1-0"]
[WhiteElo "2097"]
[BlackElo "1955"]
[PlyCount "61"]
[EventDate "2019.11.16"]
[WhiteTeam "SK LJUBLJANA"]
[BlackTeam "SK KOMENDA"]

1. e4 g6 2. d4 Bg7 3. Nc3 c5 4. d5 d6 5. Bd3 f5 6. Nf3 Na6 7. O-O Nf6 8. e5 Ng4
9. exd6 exd6 10. Bb5+ Bd7 11. Re1+ Ne5 12. Ng5 O-O 13. Ne6 Bxe6 14. dxe6 Nc7
15. e7 Qxe7 16. f4 Qh4 17. g3 Qd8 18. fxe5 Bxe5 19. Bc4+ Kh8 20. Bh6 Re8 21.
Qf3 b5 22. Nxb5 Rb8 23. Nxc7 Qxc7 24. Rab1 Qa5 25. Kg2 Re7 26. c3 Reb7 27. Qd5
Qd8 28. Rxe5 Qf6 29. Qxb7 Rxb7 30. Re8+ Qf8 31. Rxf8# 1-0

[Event "II. CLANSKA LIGA ZAHOD 2019"]
[Site "Komenda"]
[Date "2019.11.16"]
[Round "2.2"]
[White "Novak, Anze"]
[Black "Zmavc, Mark"]
[Result "0-1"]
[WhiteElo "1707"]
[BlackElo "1839"]
[PlyCount "98"]
[EventDate "2019.11.16"]
[WhiteTeam "SK KOMENDA"]
[BlackTeam "SK LJUBLJANA"]

1. d4 d5 2. c4 c6 3. Nf3 Nf6 4. Nc3 e6 5. g3 dxc4 6. Bg2 b5 7. Ne5 Nd5 8. O-O
Bb7 9. a4 a6 10. e4 Nxc3 11. bxc3 Be7 12. Qg4 Bf6 13. Nf3 h5 14. Qf4 Nd7 15. h4
Nb6 16. a5 Na4 17. Bd2 Be7 18. Qe5 Kf8 19. Qf4 c5 20. Bh3 Rh6 21. Ng5 Bxg5 22.
hxg5 Rg6 23. Qe3 cxd4 24. cxd4 c3 25. Bc1 f5 26. exf5 Qd5 27. f3 exf5 28. Ba3+
Kg8 29. Bc5 Re6 30. Qf4 g6 31. Rad1 Nxc5 32. dxc5 Qxc5+ 33. Kh1 Rae8 34. Bg2 c2
35. Rc1 b4 36. Qd2 b3 37. Qd3 Re3 38. Qd7 R8e7 39. Qd8+ Kh7 40. Qf8 b2 41. Qh6+
Kg8 42. Qxg6+ Rg7 43. Rxc2 Qxc2 44. Qb6 Qb3 45. Qd8+ Kh7 46. Bh3 Bxf3+ 47. Kg1
Bg4 48. Bxg4 Rxg3+ 49. Kh2 Rxg4 0-1

[Event "II. CLANSKA LIGA ZAHOD 2019"]
[Site "Komenda"]
[Date "2019.11.16"]
[Round "2.3"]
[White "Topolovec, Vid"]
[Black "More, Erlend"]
[Result "0-1"]
[WhiteElo "1775"]
[BlackElo "1576"]
[PlyCount "74"]
[EventDate "2019.11.16"]
[WhiteTeam "SK LJUBLJANA"]
[BlackTeam "SK KOMENDA"]

1. e4 Nf6 2. d3 e5 3. f4 exf4 4. Bxf4 d6 5. Be2 Nc6 6. Nf3 Bg4 7. O-O Bxf3 8.
Bxf3 Nd4 9. e5 dxe5 10. Bxe5 c6 11. Bxf6 Nxf3+ 12. Qxf3 Qxf6 13. Qxf6 gxf6 14.
Rxf6 Bg7 15. Rf1 Bxb2 16. Nd2 Bxa1 17. Rxa1 O-O 18. Ne4 Rad8 19. Rf1 Kg7 20.
Rf4 Rd4 21. Rg4+ Kh8 22. Rg5 f5 23. Nc5 Rf7 24. c3 Rg4 25. Rh5 b6 26. Ne6 Ra4
27. Nd4 c5 28. Nxf5 Rxa2 29. g4 Rf6 30. Rh3 Re6 31. Ne3 Rd2 32. Nf1 Rc2 33. d4
Re1 34. g5 Kg7 35. Rf3 a5 36. Rf6 Rcc1 37. Kg2 Rxf1 0-1

[Event "II. CLANSKA LIGA ZAHOD 2019"]
[Site "Komenda"]
[Date "2019.11.16"]
[Round "2.4"]
[White "Cimperman, Teo"]
[Black "Sivcevic, Nusret"]
[Result "0-1"]
[WhiteElo "1364"]
[BlackElo "1748"]
[PlyCount "105"]
[EventDate "2019.11.16"]
[WhiteTeam "SK KOMENDA"]
[BlackTeam "SK LJUBLJANA"]

1. e4 e5 2. Nf3 Nc6 3. Bc4 Bc5 4. c3 Qe7 5. O-O d6 6. h3 Nf6 7. Re1 h6 8. d4
Bb6 9. Bb3 g5 10. Ba4 Bd7 11. Bxc6 Bxc6 12. Nbd2 g4 13. hxg4 O-O-O 14. d5 Bd7
15. Nh2 Rdg8 16. Nc4 Bxg4 17. Nxb6+ cxb6 18. Qd3 Nd7 19. Re3 Rg6 20. Rg3 Rhg8
21. a4 Nc5 22. Qc4 Kb8 23. b4 Na6 24. a5 b5 25. Qxb5 Bd7 26. Qd3 Qh4 27. Nf3
Rxg3 28. fxg3 Qxg3 29. Qf1 Bh3 30. Ne1 Qxc3 31. Ra3 Qxc1 32. Rxh3 Nxb4 33. Rb3
Qc5+ 34. Kh1 Rg5 35. Qxf7 b6 36. axb6 Qxb6 37. Qe8+ Kb7 38. Nc2 a5 39. Qd7+ Kb8
40. Qe8+ Kb7 41. Qd7+ Kb8 42. Qe8+ Kb7 43. Rc3 Rg7 44. Qc8+ Ka7 45. Qf8 Rb7 46.
Rc8 Rb8 47. Qe7+ Rb7 48. Qe8 Rb8 49. Qd7+ Ka8 50. Nxb4 Qxb4 51. Rc1 Qb6 52. Rc6
Qa7 53. Rc1 0-1

[Event "II. CLANSKA LIGA ZAHOD 2019"]
[Site "Komenda"]
[Date "2019.11.16"]
[Round "2.5"]
[White "Babic, Miroslav"]
[Black "Babarovic, Fran"]
[Result "1-0"]
[WhiteElo "1695"]
[BlackElo "1210"]
[PlyCount "91"]
[EventDate "2019.11.16"]
[WhiteTeam "SK LJUBLJANA"]
[BlackTeam "SK KOMENDA"]

1. e4 e5 2. Nf3 Nc6 3. Bc4 Bc5 4. d3 d6 5. Nc3 Bg4 6. Be3 Nd4 7. Na4 Nxf3+ 8.
gxf3 Bxe3 9. fxe3 Qh4+ 10. Ke2 Bh5 11. Qe1 Qxe1+ 12. Raxe1 Nf6 13. Nc3 c6 14.
Rhg1 Bg6 15. b4 O-O-O 16. f4 Bh5+ 17. Kd2 Ng4 18. h3 Nh2 19. Rg3 Nf3+ 20. Rxf3
Bxf3 21. Bxf7 Rhf8 22. Be6+ Kb8 23. f5 d5 24. exd5 cxd5 25. e4 dxe4 26. Nxe4 g6
27. fxg6 hxg6 28. c4 Rf4 29. Ng5 e4 30. Bd5 Rf5 31. Nxe4 Bxe4 32. Rxe4 Rf2+ 33.
Ke3 Rxa2 34. Re7 Kc8 35. Bxb7+ Kb8 36. Be4 Ra1 37. b5 Re1+ 38. Kd2 Ra1 39. Bxg6
Ra4 40. Kc3 Rg8 41. Be4 Rh8 42. Rb7+ Kc8 43. Rg7 Rxh3 44. Bf5+ Kd8 45. Bxh3 Ke8
46. Bc8 1-0

[Event "II. CLANSKA LIGA ZAHOD 2019"]
[Site "Komenda"]
[Date "2019.11.16"]
[Round "2.6"]
[White "Macek, Inti"]
[Black "Guid, Taja"]
[Result "0-1"]
[WhiteElo "1194"]
[BlackElo "1557"]
[PlyCount "56"]
[EventDate "2019.11.16"]
[WhiteTeam "SK KOMENDA"]
[BlackTeam "SK LJUBLJANA"]

1. d4 d5 2. c4 c6 3. Nf3 e6 4. Nc3 dxc4 5. a4 Bb4 6. e4 b5 7. axb5 cxb5 8. Bd2
Bxc3 9. Bxc3 Bb7 10. e5 a5 11. Be2 Ne7 12. O-O O-O 13. b3 b4 14. Bd2 c3 15. Bg5
h6 16. Bh4 Qc7 17. Bc4 Nf5 18. Bg3 Nxg3 19. hxg3 Rd8 20. Be2 Nc6 21. Qc2 Nxd4
22. Nxd4 Rxd4 23. f4 Rd2 24. Qc1 Rxe2 25. Rf2 Rxf2 26. Kxf2 Qc5+ 27. Kf1 Ba6+
28. Ke1 Qg1# 0-1

[Event "II. CLANSKA LIGA ZAHOD 2019"]
[Site "Komenda"]
[Date "2019.11.16"]
[Round "2.1"]
[White "Krupenko, Peter"]
[Black "Siraj, Svit"]
[Result "1-0"]
[WhiteElo "1893"]
[BlackElo "1724"]
[PlyCount "103"]
[EventDate "2019.11.16"]
[WhiteTeam "SK TRZIN"]
[BlackTeam "SD VRHNIKA"]

1. c4 e6 2. Nc3 d5 3. e3 Nf6 4. Nf3 Be7 5. Be2 O-O 6. O-O Nbd7 7. b3 c6 8. Bb2
Re8 9. d4 Bd6 10. Rc1 b6 11. Re1 Bb7 12. Bd3 e5 13. dxe5 Nxe5 14. cxd5 Nxd5 15.
Nxd5 cxd5 16. Bb5 Re7 17. Nxe5 Bxe5 18. Bd4 Qd6 19. h3 Bxd4 20. Qxd4 Rc7 21.
Be2 Rac8 22. Rxc7 Rxc7 23. Rd1 Qe7 24. Rd2 Qc5 25. Bf3 Qxd4 26. Rxd4 Rc1+ 27.
Rd1 Rxd1+ 28. Bxd1 Kf8 29. Kf1 Ke7 30. Ke2 Kd6 31. Kd3 Kc5 32. Kc3 a5 33. a3
Ba6 34. b4+ axb4+ 35. axb4+ Kd6 36. Kd4 Bb5 37. Bb3 Bc6 38. g4 f6 39. f4 h6 40.
Bc2 Be8 41. Bd3 Bd7 42. Bg6 Bc8 43. Bf7 Be6 44. Bxe6 Kxe6 45. e4 dxe4 46. Kxe4
b5 47. h4 g5 48. h5 gxf4 49. Kxf4 Kd5 50. Kf5 Kc4 51. Kxf6 Kxb4 52. g5 1-0

[Event "II. CLANSKA LIGA ZAHOD 2019"]
[Site "Komenda"]
[Date "2019.11.16"]
[Round "2.2"]
[White "Novak, Robert"]
[Black "Rojs, Igor"]
[Result "0-1"]
[WhiteElo "1698"]
[BlackElo "1995"]
[PlyCount "114"]
[EventDate "2019.11.16"]
[WhiteTeam "SD VRHNIKA"]
[BlackTeam "SK TRZIN"]

1. d4 Nf6 2. c4 e6 3. Nf3 d5 4. Bg5 Bb4+ 5. Nc3 c5 6. a3 Bxc3+ 7. bxc3 Qa5 8.
Qb3 Ne4 9. Bd2 dxc4 10. Qxc4 b6 11. Qd3 Bb7 12. g3 O-O 13. Bg2 Nxd2 14. Qxd2
cxd4 15. cxd4 Qxd2+ 16. Kxd2 Rd8 17. Rhd1 e5 18. Ke3 exd4+ 19. Rxd4 Rxd4 20.
Kxd4 Nc6+ 21. Ke3 Na5 22. Rc1 Re8+ 23. Kd3 Ba6+ 24. Kc3 Bxe2 25. Re1 Rc8+ 26.
Kb2 Bxf3 27. Bxf3 Kf8 28. Bg4 Rc7 29. Bf5 g6 30. Bd3 Nb7 31. Re3 Re7 32. Rf3
Nc5 33. Bc4 Kg7 34. Ka2 f5 35. Rf4 Re4 36. Rxe4 fxe4 37. Kb2 Kf6 38. Kc3 Ke5
39. Be2 Ne6 40. Bg4 Nd4 41. Kc4 h6 42. a4 g5 43. Bd7 Ne6 44. Bxe6 Kxe6 45. Kb5
g4 46. Ka6 Kd6 47. Kxa7 Kc6 48. Ka6 h5 49. Ka7 b5 50. axb5+ Kxb5 51. Kb7 Kc4
52. Kc6 Kd3 53. Kd5 Ke2 54. Kxe4 Kxf2 55. Kf4 Kg2 56. Kg5 Kxh2 57. Kxh5 Kxg3
0-1

[Event "II. CLANSKA LIGA ZAHOD 2019"]
[Site "Komenda"]
[Date "2019.11.16"]
[Round "2.4"]
[White "Brejc, Martina"]
[Black "Leben, Dusan"]
[Result "0-1"]
[WhiteElo "1548"]
[BlackElo "1853"]
[PlyCount "82"]
[EventDate "2019.11.16"]
[WhiteTeam "SD VRHNIKA"]
[BlackTeam "SK TRZIN"]

1. e4 e5 2. Nf3 Nf6 3. Nc3 Nc6 4. Bc4 d6 5. h3 Be7 6. d3 Na5 7. Bb3 O-O 8. Be3
a6 9. a3 Nxb3 10. cxb3 c5 11. O-O a5 12. Bg5 Be6 13. Nd2 d5 14. f4 d4 15. Nb5
exf4 16. Bxf4 Ne8 17. Rc1 Bd7 18. a4 Bxb5 19. axb5 b6 20. Nc4 f6 21. Qg4 f5 22.
exf5 Bd6 23. Nxd6 Nxd6 24. Be5 Qd7 25. Bxd6 Qxd6 26. Rf3 Rf7 27. Rcf1 Raf8 28.
Rf4 Qd7 29. Qg5 Rf6 30. g4 Qxb5 31. R4f3 Qxb3 32. R1f2 Qd5 33. Qf4 h6 34. h4
Qd6 35. Qe4 Qc6 36. Qf4 Re8 37. g5 Re1+ 38. Kh2 Rf8 39. Rg2 Re3 40. Rxe3 dxe3
41. Qc4+ Kh8 {nejasno (48)} 0-1

[Event "II. CLANSKA LIGA ZAHOD 2019"]
[Site "Komenda"]
[Date "2019.11.16"]
[Round "2.5"]
[White "Borstnik, Ales"]
[Black "Sirk, Matija"]
[Result "1-0"]
[WhiteElo "1779"]
[BlackElo "1322"]
[PlyCount "83"]
[EventDate "2019.11.16"]
[WhiteTeam "SK TRZIN"]
[BlackTeam "SD VRHNIKA"]

1. e4 c5 2. Nf3 d6 3. d4 cxd4 4. Nxd4 Nf6 5. Nc3 Nc6 6. Be3 Ng4 7. Qd2 Nxe3 8.
Qxe3 Qb6 9. O-O-O e5 10. Nf5 Qxe3+ 11. Nxe3 Be7 12. Nb5 O-O 13. Nxd6 Nd4 14.
Ndc4 Nc6 15. Nd5 Bg5+ 16. Kb1 Be6 17. Nce3 Rfd8 18. Be2 Nd4 19. Bd3 Rac8 20. c3
Nc6 21. h4 Bh6 22. Bb5 Rd7 23. g4 Bxe3 24. Nxe3 Rcd8 25. Rxd7 Rxd7 26. Kc2 a6
27. Bc4 Nd8 28. Rd1 Rxd1 29. Kxd1 Bd7 30. f3 Kf8 31. Nd5 Ne6 32. Nb6 Bc6 33.
Bxe6 fxe6 34. Nc4 Ke7 35. Nxe5 Be8 36. Kd2 b5 37. b4 Kd6 38. f4 h6 39. Ke3 h5
40. g5 g6 41. Kd4 Bc6 42. Nxc6 1-0

[Event "II. CLANSKA LIGA ZAHOD 2019"]
[Site "Komenda"]
[Date "2019.11.16"]
[Round "2.5"]
[White "Stembal, David"]
[Black "Bajec, Borut"]
[Result "0-1"]
[WhiteElo "1696"]
[BlackElo "1742"]
[PlyCount "162"]
[EventDate "2019.11.16"]
[WhiteTeam "SD VRHNIKA"]
[BlackTeam "SK TRZIN"]

1. e4 c5 2. Bc4 Nc6 3. Nc3 e6 4. Nf3 d6 5. d3 Nf6 6. Bg5 Be7 7. O-O O-O 8. h3
a6 9. a3 b5 10. Ba2 Bb7 11. Qd2 h6 12. Be3 Nd7 13. Rfe1 Nde5 14. Nxe5 Nxe5 15.
d4 Nc4 16. Bxc4 cxd4 17. Qxd4 Bf6 18. Qd3 bxc4 19. Qxc4 Rc8 20. Qd3 Bxc3 21.
bxc3 d5 22. exd5 Bxd5 23. Rad1 Qa5 24. Bd4 Qxa3 25. Ra1 Qd6 26. Rxa6 Qd7 27.
Ra7 Rc7 28. Rea1 Qd6 29. Rxc7 Qxc7 30. Ra7 Qd6 31. Qa6 Qf4 32. Qd3 Be4 33. Qe2
Qc1+ 34. Kh2 Bxc2 35. Qe5 Qg5 36. Qxg5 hxg5 37. Ra5 f6 38. Ra6 e5 39. Bc5 Rc8
40. Bb4 Rc7 41. Ra8+ Kf7 42. Rf8+ Ke6 43. g4 Kd5 44. f3 Kc4 45. Rd8 Bg6 46. Kg3
Kb3 47. Rd2 Bf7 48. Rf2 Rd7 49. Re2 Rd3 50. Kg2 Bd5 51. Rf2 Bb7 52. Kg3 e4 53.
Bf8 e3 54. Re2 Rxc3 55. Bxg7 Ba6 56. Re1 e2 57. Bxf6 Rc5 58. h4 gxh4+ 59. Bxh4
Kc2 60. Kf2 Kd2 61. g5 Rf5 62. g6 Bc4 63. g7 Rh5 64. Rh1 Rxh4 65. Rb1 Rh2+ 66.
Kg3 Rh7 67. Rb2+ Ke3 68. Rxe2+ Kxe2 69. g8=Q Bxg8 70. f4 Rg7+ 71. Kh4 Be6 72.
Kh5 Kf3 73. Kh6 Rg1 74. f5 Bxf5 75. Kh5 Bd7 76. Kh4 Kf4 77. Kh5 Bb5 78. Kh6 Kf5
79. Kh7 Kf6 80. Kh8 Bc4 81. Kh7 Rh1# 0-1

[Event "II. CLANSKA LIGA ZAHOD 2019"]
[Site "Komenda"]
[Date "2019.11.16"]
[Round "2.1"]
[White "Olenik Campa, Rudi"]
[Black "Luzar, Emil"]
[Result "0-1"]
[WhiteElo "1997"]
[BlackElo "2115"]
[PlyCount "98"]
[EventDate "2019.11.16"]
[WhiteTeam "SD DOMZALE TAJFUN 2"]
[BlackTeam "SK DOLENJSKE TOPLICE"]

1. e4 c5 2. Nf3 d6 3. d4 cxd4 4. Nxd4 Nf6 5. f3 g6 6. Nc3 Bg7 7. Be3 O-O 8. Qd2
Nc6 9. g4 Bd7 10. O-O-O Rc8 11. Kb1 a6 12. h4 b5 13. h5 Ne5 14. hxg6 fxg6 15.
Be2 Rf7 16. g5 Ne8 17. f4 Nc4 18. Bxc4 Rxc4 19. f5 gxf5 20. exf5 Bxd4 21. Bxd4
Bxf5 22. Rdg1 Rxd4 23. Qxd4 e5 24. Qh4 Bg6 25. Rf1 Qc7 26. Kc1 Bxc2 27. Nd5 Qc4
28. Nf6+ Nxf6 29. gxf6 Qxh4 30. Rxh4 Rd7 31. Rh2 Bg6 32. b3 Kf7 33. Kb2 Ke6 34.
Rh3 d5 35. Rc3 e4 36. Rc6+ Ke5 37. Re1 d4 38. Rxa6 e3 39. Rb6 Bd3 40. a4 bxa4
41. bxa4 Rf7 42. Rb3 Ke4 43. Rd1 Be2 44. Rh1 Rxf6 45. Rxh7 Bc4 46. Re7+ Kf3 47.
Rb4 Rc6 48. a5 d3 49. Kc3 d2 0-1